The princess on the glass hill / (Record no. 6512)

MARC details
000 -LEADER
fixed length control field 01489nam a22002657a 4500
001 - CONTROL NUMBER
control field 6512
003 - CONTROL NUMBER IDENTIFIER
control field FISKH
005 - DATE AND TIME OF LATEST TRANSACTION
control field 20250507121834.0
008 - FIXED-LENGTH DATA ELEMENTS--GENERAL INFORMATION
fixed length control field 250507b cb ||||| |||| 00| 0 eng d
020 ## - INTERNATIONAL STANDARD BOOK NUMBER
International Standard Book Number 9788956353876
040 ## - CATALOGING SOURCE
Original cataloging agency FISKH
Language of cataloging eng
Transcribing agency FISKH
Modifying agency FISKH
050 ## - LIBRARY OF CONGRESS CALL NUMBER
Classification number PZ7
082 ## - DEWEY DECIMAL CLASSIFICATION NUMBER
Classification number 398.20943
100 ## - MAIN ENTRY--PERSONAL NAME
Personal name Lang, Andrew
245 ## - TITLE STATEMENT
Title The princess on the glass hill /
Statement of responsibility, etc. Andrew Lang
260 ## - PUBLICATION, DISTRIBUTION, ETC.
Place of publication, distribution, etc. Seoul : e
Name of publisher, distributor, etc. future,
Date of publication, distribution, etc. 2009.
300 ## - PHYSICAL DESCRIPTION
Extent 22 pages :
Other physical details color illustrations ;
Dimensions 21 cm
505 ## - FORMATTED CONTENTS NOTE
Formatted contents note G<br/>
520 ## - SUMMARY, ETC.
Summary, etc. Every year, a mysterious force tramples their father's field, and the three sons take turns guarding it. Only Boots stays awake and discovers the cause: a magical horse. He tames three magical horses on three nights, each more powerful than the last, and receives armor and gear from them.<br/><br/>Later, the king offers his daughter’s hand in marriage to anyone who can climb a glass hill and pluck three golden apples she drops from the top. Many noblemen try and fail. Disguised in armor from the magical horses, Boots climbs the hill over three days, catching one apple each day. On the final day, he reveals his identity and proves he is the hero. He wins the princess and is celebrated as a true, unexpected champion.<br/>The story highlights themes of humility, perseverance, and hidden strength.
521 8# - TARGET AUDIENCE NOTE
Target audience note 380<br/>
Source Lexile estimate <br/>
521 8# - TARGET AUDIENCE NOTE
Target audience note G<br/>
Source Raz-Plus<br/>
650 ## - SUBJECT ADDED ENTRY--TOPICAL TERM
Topical term or geographic name entry element Courage
Form subdivision Horses
General subdivision Achievement
942 ## - ADDED ENTRY ELEMENTS (KOHA)
Source of classification or shelving scheme Dewey Decimal Classification
Koha item type Books
Suppress in OPAC No
Holdings
Withdrawn status Lost status Source of classification or shelving scheme Damaged status Not for loan Collection Home library Current library Shelving location Date acquired Total Checkouts Full call number Barcode Date last seen Copy number Price effective from Koha item type
    Dewey Decimal Classification     Juvenile Fiction Footprints International School Library Network Toul Kork Campus Footprints International School Library Network Toul Kork Campus TK Primary Library Room(4th Floor), Bookcase 1&2, Shelves 1-16, Dark Blue Books 05/07/2025   LANG 398.20943 PZ7 FISBK072616 05/07/2025 1 05/07/2025 Books